| 000 | 00885cab a2200301 4500 | ||
|---|---|---|---|
| 001 | ABS48912 | ||
| 008 | 090401t1993 xxu||||| |||| 00| 0 eng d | ||
| 035 | _a(Sirsi) u69113 | ||
| 041 | _aeng | ||
| 245 | _aHow to minimise bomb damage | ||
| 260 | _c1993 | ||
| 350 | _a0 | ||
| 490 |
_aArchitects` Journal _v197(26) 30 June 1993, 54-57(4) |
||
| 520 | _aReviews the means by which protective measures against bomb damage can be incorporated into buildings. Includes a checklist of precautions and a note on insurance. | ||
| 650 | _aBLASTS | ||
| 650 | _aBOMB DAMAGE | ||
| 650 | _aBOMB PROOFING | ||
| 650 | _aDAMAGE SURVEYS | ||
| 650 | _aEXPLOSIONS | ||
| 650 | _aREPAIRS | ||
| 650 | _aRISK MANAGEMENT | ||
| 650 | _aSTRENGTHENING | ||
| 650 | _aTERRORISM | ||
| 650 | _aWINDOWS | ||
| 690 | _aBUILT ENVIRONMENT-CONSTRUCTION DESIGN | ||
| 942 | _n0 | ||
| 948 | _c04/03/1997 | ||
| 999 |
_c43414 _d43414 |
||